<?xml version="1.0" encoding="UTF-8"?>
<record
    xmlns:xsi="http://www.w3.org/2001/XMLSchema-instance"
    xsi:schemaLocation="http://www.loc.gov/MARC21/slim http://www.loc.gov/standards/marcxml/schema/MARC21slim.xsd"
    xmlns="http://www.loc.gov/MARC21/slim">

  <leader>01145nam a22001697a 4500</leader>
  <controlfield tag="003">SGT</controlfield>
  <datafield tag="020" ind1=" " ind2=" ">
    <subfield code="a">9788120350663</subfield>
  </datafield>
  <datafield tag="082" ind1=" " ind2=" ">
    <subfield code="a">530.41,SRI</subfield>
  </datafield>
  <datafield tag="100" ind1=" " ind2=" ">
    <subfield code="a">SRIVASTAVA,J.P</subfield>
  </datafield>
  <datafield tag="245" ind1=" " ind2=" ">
    <subfield code="a">ELEMENTS OF SOLID STATE PHYSICS</subfield>
  </datafield>
  <datafield tag="250" ind1=" " ind2=" ">
    <subfield code="a">4TH</subfield>
  </datafield>
  <datafield tag="260" ind1=" " ind2=" ">
    <subfield code="a">NEW DELHI</subfield>
    <subfield code="b">PHI </subfield>
    <subfield code="c">2016</subfield>
  </datafield>
  <datafield tag="300" ind1=" " ind2=" ">
    <subfield code="a">666</subfield>
  </datafield>
  <datafield tag="650" ind1=" " ind2=" ">
    <subfield code="a">PHYSICS, SOLID STATE PHYSICS</subfield>
  </datafield>
  <datafield tag="653" ind1=" " ind2=" ">
    <subfield code="a">1.    The Crystalline State  2.    Atomic Cohesion and Crystal Binding  3.    Reciprocal Lattice and Determination of Crystal Structure  4.    Lattice Vibrations  5.    Thermal Properties of Solids  6.    Free Electron Theory of Metals  7.    Electron Energy Bands  8.    Mobile Electrons and Fermi Surfaces  9.    Semiconductors  10.  Theory of Dielectrics: Applications to Plasmons, Polaritons and Polarons  11.  Ferroelectric Crystals  12.  Imperfections in Crystals  13.  Diamagnetism and Paramagnetism  14.  Ferromagnetism, Antiferromagnetism and Ferrimagnetism  15.  Superconductivity  16.  Nanomaterials  Appendix A: van der Waals Interaction Appendix B: Photoconductivity Appendix C: Luminescence Appendix D: M&#xF6;ssbauer Effect Appendix E: A Lesson on Group Theory </subfield>
  </datafield>
  <datafield tag="942" ind1=" " ind2=" ">
    <subfield code="2">ddc</subfield>
    <subfield code="c">FPS</subfield>
    <subfield code="0">3</subfield>
  </datafield>
  <datafield tag="952" ind1=" " ind2=" ">
    <subfield code="0">0</subfield>
    <subfield code="1">0</subfield>
    <subfield code="2">ddc</subfield>
    <subfield code="4">0</subfield>
    <subfield code="7">0</subfield>
    <subfield code="8">FS</subfield>
    <subfield code="a">SSSL</subfield>
    <subfield code="b">SSSL</subfield>
    <subfield code="c">TXT</subfield>
    <subfield code="d">2016-09-09</subfield>
    <subfield code="e">AHJJA BOOK</subfield>
    <subfield code="g">595.00</subfield>
    <subfield code="i">SGTU</subfield>
    <subfield code="l">8</subfield>
    <subfield code="o">530.41,SRI</subfield>
    <subfield code="p">PS2316</subfield>
    <subfield code="r">2021-01-30 00:00:00</subfield>
    <subfield code="s">2021-01-18</subfield>
    <subfield code="w">2016-08-08</subfield>
    <subfield code="y">FPS</subfield>
    <subfield code="k">7132</subfield>
  </datafield>
  <datafield tag="952" ind1=" " ind2=" ">
    <subfield code="0">0</subfield>
    <subfield code="1">0</subfield>
    <subfield code="2">ddc</subfield>
    <subfield code="4">0</subfield>
    <subfield code="7">0</subfield>
    <subfield code="8">FS</subfield>
    <subfield code="a">SSSL</subfield>
    <subfield code="b">SSSL</subfield>
    <subfield code="c">TXT</subfield>
    <subfield code="d">2016-09-09</subfield>
    <subfield code="e">AHJJA BOOK</subfield>
    <subfield code="g">595.00</subfield>
    <subfield code="i">SGTU</subfield>
    <subfield code="l">3</subfield>
    <subfield code="o">530.41,SRI</subfield>
    <subfield code="p">PS2317</subfield>
    <subfield code="r">2019-04-27 00:00:00</subfield>
    <subfield code="s">2019-04-13</subfield>
    <subfield code="w">2016-08-08</subfield>
    <subfield code="y">FPS</subfield>
    <subfield code="k">7132</subfield>
  </datafield>
  <datafield tag="952" ind1=" " ind2=" ">
    <subfield code="0">0</subfield>
    <subfield code="1">0</subfield>
    <subfield code="2">ddc</subfield>
    <subfield code="4">0</subfield>
    <subfield code="7">1</subfield>
    <subfield code="8">FS</subfield>
    <subfield code="a">SSSL</subfield>
    <subfield code="b">SSSL</subfield>
    <subfield code="c">REF</subfield>
    <subfield code="d">2016-09-09</subfield>
    <subfield code="e">AHJJA BOOK</subfield>
    <subfield code="g">595.00</subfield>
    <subfield code="i">SGTU</subfield>
    <subfield code="o">530.41,SRI</subfield>
    <subfield code="p">PS2318</subfield>
    <subfield code="r">2016-09-09 00:00:00</subfield>
    <subfield code="w">2016-08-08</subfield>
    <subfield code="y">FPS</subfield>
    <subfield code="k">7132</subfield>
  </datafield>
  <datafield tag="952" ind1=" " ind2=" ">
    <subfield code="0">0</subfield>
    <subfield code="1">0</subfield>
    <subfield code="2">ddc</subfield>
    <subfield code="4">0</subfield>
    <subfield code="7">0</subfield>
    <subfield code="8">FS</subfield>
    <subfield code="a">SSSL</subfield>
    <subfield code="b">SSSL</subfield>
    <subfield code="c">TXT</subfield>
    <subfield code="d">2016-09-09</subfield>
    <subfield code="e">AHJJA BOOK</subfield>
    <subfield code="g">595.00</subfield>
    <subfield code="i">SGTU</subfield>
    <subfield code="l">1</subfield>
    <subfield code="o">530.41,SRI</subfield>
    <subfield code="p">PS2319</subfield>
    <subfield code="r">2018-08-18 00:00:00</subfield>
    <subfield code="s">2018-08-08</subfield>
    <subfield code="w">2016-08-08</subfield>
    <subfield code="y">FPS</subfield>
    <subfield code="k">7132</subfield>
  </datafield>
  <datafield tag="952" ind1=" " ind2=" ">
    <subfield code="0">0</subfield>
    <subfield code="1">0</subfield>
    <subfield code="2">ddc</subfield>
    <subfield code="4">0</subfield>
    <subfield code="7">0</subfield>
    <subfield code="8">FS</subfield>
    <subfield code="a">SSSL</subfield>
    <subfield code="b">SSSL</subfield>
    <subfield code="c">TXT</subfield>
    <subfield code="d">2016-09-09</subfield>
    <subfield code="e">AHJJA BOOK</subfield>
    <subfield code="g">595.00</subfield>
    <subfield code="i">SGTU</subfield>
    <subfield code="l">10</subfield>
    <subfield code="o">530.41,SRI</subfield>
    <subfield code="p">PS2320</subfield>
    <subfield code="r">2022-09-19 00:00:00</subfield>
    <subfield code="s">2022-09-19</subfield>
    <subfield code="w">2016-08-08</subfield>
    <subfield code="y">FPS</subfield>
    <subfield code="k">7132</subfield>
  </datafield>
  <datafield tag="952" ind1=" " ind2=" ">
    <subfield code="0">0</subfield>
    <subfield code="1">0</subfield>
    <subfield code="2">ddc</subfield>
    <subfield code="4">0</subfield>
    <subfield code="7">0</subfield>
    <subfield code="8">FS</subfield>
    <subfield code="a">SSSL</subfield>
    <subfield code="b">SSSL</subfield>
    <subfield code="c">TXT</subfield>
    <subfield code="d">2016-12-01</subfield>
    <subfield code="e">UNIVERSAL BOOK</subfield>
    <subfield code="g">595.00</subfield>
    <subfield code="i">SGTU</subfield>
    <subfield code="l">8</subfield>
    <subfield code="o">SRI 530.41</subfield>
    <subfield code="p">PS3056</subfield>
    <subfield code="r">2025-01-08 00:00:00</subfield>
    <subfield code="s">2025-01-03</subfield>
    <subfield code="w">2016-10-20</subfield>
    <subfield code="y">FPS</subfield>
    <subfield code="k">377</subfield>
  </datafield>
  <datafield tag="952" ind1=" " ind2=" ">
    <subfield code="0">0</subfield>
    <subfield code="1">0</subfield>
    <subfield code="2">ddc</subfield>
    <subfield code="4">0</subfield>
    <subfield code="7">0</subfield>
    <subfield code="8">FS</subfield>
    <subfield code="a">SSSL</subfield>
    <subfield code="b">SSSL</subfield>
    <subfield code="c">TXT</subfield>
    <subfield code="d">2016-12-01</subfield>
    <subfield code="e">UNIVERSAL BOOK</subfield>
    <subfield code="g">595.00</subfield>
    <subfield code="i">SGTU</subfield>
    <subfield code="l">5</subfield>
    <subfield code="o">SRI 530.41</subfield>
    <subfield code="p">PS3057</subfield>
    <subfield code="r">2022-09-19 00:00:00</subfield>
    <subfield code="s">2022-09-06</subfield>
    <subfield code="w">2016-10-20</subfield>
    <subfield code="y">FPS</subfield>
    <subfield code="k">377</subfield>
  </datafield>
  <datafield tag="952" ind1=" " ind2=" ">
    <subfield code="0">0</subfield>
    <subfield code="1">0</subfield>
    <subfield code="2">ddc</subfield>
    <subfield code="4">0</subfield>
    <subfield code="7">0</subfield>
    <subfield code="8">FS</subfield>
    <subfield code="a">SSSL</subfield>
    <subfield code="b">SSSL</subfield>
    <subfield code="c">TXT</subfield>
    <subfield code="d">2016-12-01</subfield>
    <subfield code="e">UNIVERSAL BOOK</subfield>
    <subfield code="g">595.00</subfield>
    <subfield code="i">SGTU</subfield>
    <subfield code="l">6</subfield>
    <subfield code="o">SRI 530.41</subfield>
    <subfield code="p">PS3058</subfield>
    <subfield code="r">2019-04-23 00:00:00</subfield>
    <subfield code="s">2019-04-13</subfield>
    <subfield code="w">2016-10-20</subfield>
    <subfield code="y">FPS</subfield>
    <subfield code="k">377</subfield>
  </datafield>
  <datafield tag="999" ind1=" " ind2=" ">
    <subfield code="c">9879</subfield>
    <subfield code="d">9879</subfield>
  </datafield>
</record>
